Effectif OM (2024-2025) - Statistiques

Statistiques générales
  • Ce quiz a été pris 279 fois
    112 depuis la dernière actualisation
  • Le résultat moyen est 22 sur 27
Statistiques - réponses
Poste Nationalité Joueur % Correct
Gardien Argentine Gerónimo Rulli
100%
Défenseur Argentine Leonardo Balerdi
100%
Milieu Maroc Amine Harit
96%
Défenseur RD Congo Chancel Mbemba
96%
Attaquant Brésil Luis Henrique
96%
Attaquant Angleterre Mason Greenwood
96%
Défenseur Panama Amir Murillo
95%
Milieu France Valentin Rongier
95%
Attaquant Algérie Amine Gouiri
94%
Milieu France Adrien Rabiot
92%
Milieu Centrafrique Geoffrey Kondogbia
90%
Milieu Algérie Ismaël Bennacer
90%
Défenseur Canada Derek Cornelius
88%
Attaquant Angleterre Jonathan Rowe
82%
Défenseur Espagne Pol Lirola
82%
Défenseur France Quentin Merlin
81%
Défenseur Suisse Ulisses Garcia
81%
Milieu Danemark Pierre-Emile Højbjerg
79%
Gardien Pays-Bas Jeffrey de Lange
78%
Attaquant France Neal Maupay
78%
Milieu Maroc Bilal Nadir
75%
Défenseur Italie Luiz Felipe Ramos
75%
Attaquant Cameroun Faris Moumbagna
74%
Gardien Espagne Rubén Blanco
73%
Défenseur Bosnie-Herzégovine Amar Dedic
71%
Milieu Argentine Valentín Carboni
56%
Milieu France Darryl Bakola
34%
Aucun quiz correspondant
Distribution des résultats
% des personnes avec chaque résultat
Percentile par nombre de réponses
Votre historique - résultats
Vous n’avez pas pris ce quiz depuis la dernière actualisation